|
|
|
|
| LEADER |
00000nab a2200000 a 4500 |
| 001 |
vtls000696277 |
| 003 |
SK-MaSNL |
| 005 |
20260318124818.0 |
| 008 |
160314c1999 xo 0 hun |
| 015 |
|
|
|a SNBRB1999/06-15574
|
| 035 |
|
|
|a CLN000048444
|
| 040 |
|
|
|a SNKBUCL
|b slo
|c SNKBUCL
|e AACR2
|
| 041 |
0 |
|
|a slo
|
| 044 |
|
|
|a xo
|c SK
|
| 080 |
|
|
|a 894.511 (437.6)-4=945.11
|2 UDC-MRF-SK2
|
| 100 |
1 |
|
|a Polgár, Anikó,
|d 1975-
|4 aut
|9 101775
|
| 245 |
1 |
0 |
|a "Az ember csak akkor beszél, amikor a nyelvre hallgat"
|b milyen viszonyban van az értelem és a nyelv ...
|c Polgár Anikó
|
| 650 |
0 |
7 |
|a eseje, maďarské
|2 snkbucl
|9 582855
|
| 773 |
0 |
|
|t Vasárnap
|g Roč. 32, č. 24 (1999), s. 12
|
| 850 |
|
|
|a Slovenská národná knižnica v Martine
|
| 852 |
|
|
|a SNK
|b KIS3GCP
|
| 958 |
|
|
|a HU
|
| 958 |
|
|
|a SK
|
| 958 |
|
|
|a LX
|
| 958 |
|
|
|a RBX
|
| 999 |
|
|
|c 2249149
|d 2251079
|